000 00565nam a2200205Ia 4500
003 LK-CoDNM
005 20241204150229.0
008 010623t1970 xxu||||| |||| 00| 1 sin d
040 _aLK-CoDNM
_dLK-CoDNM
_eLK-CoDNM
041 _asin
080 _a294.3:726.9(540)
_bDAB
245 _aදඹදිව පූජනීය ස්ථාන
246 _aDabadiwa Pujaneeya Sthana
260 _bBauddha Grantha Prakasana Samitiya
_aKandy
_c1970
300 _b86p. ; 18 cm
500 _aDamsak No.59,60,61
650 _aBuddhism
650 _a1970
942 _cBK
999 _c108218
_d108218